A sustainability checklist for developments (Record no. 102982)

MARC details
000 -LEADER
fixed length control field 01049cam a2200229 4500
008 - FIXED-LENGTH DATA ELEMENTS--GENERAL INFORMATION
fixed length control field 030717n2003 000 0 eng u
020 ## - INTERNATIONAL STANDARD BOOK NUMBER
International Standard Book Number 1860815332
035 ## - SYSTEM CONTROL NUMBER
System control number (Sirsi) u123036
041 ## - LANGUAGE CODE
Language code of text/sound track or separate title eng
050 ## - LIBRARY OF CONGRESS CALL NUMBER
Classification number 333.72
-- 18
100 ## - MAIN ENTRY--PERSONAL NAME
Personal name Brownhill, Deborah
245 #2 - TITLE STATEMENT
Title A sustainability checklist for developments
Remainder of title a common framework for developers and local authorities
260 ## - PUBLICATION, DISTRIBUTION, ETC.
Place of publication, distribution, etc. London
Name of publisher, distributor, etc. CRC
Date of publication, distribution, etc. 2003
300 ## - PHYSICAL DESCRIPTION
Extent vi, 88p.
Other physical details ill.
Dimensions 30cm.
490 ## - SERIES STATEMENT
Series statement BRE Report
Volume/sequential designation BR 436
520 ## - SUMMARY, ETC.
Summary, etc. Designed to used by anybody involved in the planning or building of large developments and regeneration project this book provides practical tools and indicators for measuring the sustainability of both buildings and infrastructure. The checklist is intended for use in support of the sustainability aims of local development plans, reflecting current planning policy guidance.
650 ## - SUBJECT ADDED ENTRY--TOPICAL TERM
Topical term or geographic name entry element SUSTAINABLE DEVELOPMENT FRAMEWORKS
650 ## - SUBJECT ADDED ENTRY--TOPICAL TERM
Topical term or geographic name entry element SUSTAINABILITY INDICATORS
690 ## - LOCAL SUBJECT ADDED ENTRY--TOPICAL TERM (OCLC, RLIN)
Topical term or geographic name as entry element DEVELOPMENT-SUSTAINABLE
700 ## - ADDED ENTRY--PERSONAL NAME
Personal name Rao, Susheel
942 ## - ADDED ENTRY ELEMENTS (KOHA)
Suppress in OPAC 0
Holdings
Withdrawn status Lost status Source of classification or shelving scheme Damaged status Not for loan Home library Current library Shelving location Date acquired Cost, normal purchase price Total Checkouts Full call number Barcode Date last seen Date last checked out Copy number Cost, replacement price Price effective from Koha item type
    Dewey Decimal Classification     London London Folio 07/08/2003 42.50 2 F333.72 BRO 30067285 08/01/2024 06/03/2007 1 42.50 06/08/2019 Book